أبناؤنا و المخدرات الأسباب والحلول : (رقم التسجيلة. 78660)

تفاصيل مارك
000 -LEADER
fixed length control field 00668nam a22001937a 4500
005 - DATE AND TIME OF LATEST TRANSACTION
control field 20251108172418.0
008 - FIXED-LENGTH DATA ELEMENTS--GENERAL INFORMATION
fixed length control field 250721s2004 xx 000 0 ara d
082 14 - DEWEY DECIMAL CLASSIFICATION NUMBER
Classification number 362.4/عدو
100 1# - MAIN ENTRY--PERSONAL NAME
Personal name العدوان، عبد الله محمود
245 10 - TITLE STATEMENT
Title أبناؤنا و المخدرات الأسباب والحلول :
Remainder of title الأسباب و الحلول /
264 1# - PRODUCTION, PUBLICATION, DISTRIBUTION, MANUFACTURE, AND COPYRIGHT NOTICE
Place of production, publication, distribution, manufacture عمان :
Name of producer, publisher, distributor, manufacturer دائرة المكتبة الوطنية،
Date of production, publication, distribution, manufacture, or copyright notice 2004.
300 ## - PHYSICAL DESCRIPTION
Extent 212ص.
650 17 - SUBJECT ADDED ENTRY--TOPICAL TERM
Topical term or geographic name as entry element المخدرات
650 17 - SUBJECT ADDED ENTRY--TOPICAL TERM
Topical term or geographic name as entry element المشاكل الإجتماعية
650 17 - SUBJECT ADDED ENTRY--TOPICAL TERM
Topical term or geographic name as entry element الإنحراف
700 1# - ADDED ENTRY--PERSONAL NAME
Personal name المهلب، أحمد علي
Relator term مشرف
942 ## - ADDED ENTRY ELEMENTS (KOHA)
Source of classification or shelving scheme Dewey Decimal Classification
Koha item type كتب
المقتنيات
حالة السحب حالة الفقدان مصدر التصنيف حالة التلف غير قابل للإعارة المكتبة الرئيسية المكتبة الحالية موقع الرف تاريخ التزويد الرقم المتسلسل Total Checkouts رقم الإستدعاء تاريخ آخر ظهور تاريخ الفاتورة نوع المادة (كوها) الباركود
    Dewey Decimal Classification     مكتبة أبو علندا العامة مكتبة أبو علندا العامة الإعارة 06/07/2004 761974   362.4/عدو 28/07/2025 06/07/2004 كتب 761974
    Dewey Decimal Classification Unchecked   مكتبة أم قصير والمقابلين العامة مكتبة أم قصير والمقابلين العامة الإعارة 06/07/2004 791973   362.4/عدو 28/07/2025 06/07/2004 كتب  
    Dewey Decimal Classification Unchecked   مكتبة الأميرة ايمان العامة مكتبة الأميرة ايمان العامة الإعارة 06/07/2004 761965   362.4/عدو 28/07/2025 06/07/2004 كتب  
    Dewey Decimal Classification Unchecked   مكتبة الاميرة بديعة مكتبة الاميرة بديعة الإعارة 06/07/2004 761968   362.4/عدو 28/07/2025 06/07/2004 كتب  
    Dewey Decimal Classification Unchecked   مكتبة الجويدة مكتبة الجويدة الإعارة 06/07/2004 761696   362.4/عدو 28/07/2025 06/07/2004 كتب  
    Dewey Decimal Classification Unchecked   مكتبة الحسن العامة مكتبة الحسن العامة الإعارة 06/07/2004 761970   362.4/عدو 28/07/2025 06/07/2004 كتب  
    Dewey Decimal Classification Unchecked   مكتبة النصر العامة مكتبة النصر العامة الإعارة 06/07/2004 761976   362.4/عدو 28/07/2025 06/07/2004 كتب  
    Dewey Decimal Classification     مكتبة حمزة العامة مكتبة حمزة العامة الإعارة 06/07/2004 761971   362.4/عدو 28/07/2025 06/07/2004 كتب 761971
    Dewey Decimal Classification     مكتبة صويلح العامة مكتبة صويلح العامة الإعارة 06/07/2004 761966   362.4/عدو 28/07/2025 06/07/2004 كتب 761966
    Dewey Decimal Classification     مكتبة وادي السير العامة مكتبة وادي السير العامة الإعارة 06/07/2004 761975   362.4/عدو 28/07/2025 06/07/2004 كتب 761975
Implemented & Customized by: BBB with SCIT (Smart Chains for Information Technology)

Powered by Koha